The metal-benders /

Bibliographic Details
Main Author: Hasted, J. B.
Format: Book
Language:English
Published: London ; Boston : Routledge & Kegan Paul, 1981.
Subjects:

MARC

Tag First Indicator Second Indicator Subfields
LEADER 00000cam a2200000 a 4500
001 in00000081298
005 20151008061022.0
008 811013s1981 enka b 00110 eng
010 |a  80041469  
015 |a GB*** 
020 |a 0710005970 
035 |a (OCoLC)07923491 
035 |9 AAJ7118AM 
039 0 |a 2  |b 3  |c 3  |d 3  |e 3 
040 |a DLC  |c DLC  |d TXA  |d UtOrBLW 
049 |a TXAM  |c [388096] 
050 0 0 |a BF1031  |b .H295 
082 0 |a 133.8/8  |2 19 
100 1 |a Hasted, J. B. 
245 1 4 |a The metal-benders /  |c John Hasted. 
264 1 |a London ;  |a Boston :  |b Routledge & Kegan Paul,  |c 1981. 
300 |a xii, 279 pages :  |b illustrations ;  |c 23 cm. 
336 |a text  |b txt  |2 rdacontent 
337 |a unmediated  |b n  |2 rdamedia 
338 |a volume  |b nc  |2 rdacarrier 
504 |a Includes bibliographical references and index. 
650 0 |a Parapsychology  |x Research. 
999 |a MARS 
999 f f |s 30ba1022-582f-3377-9f0e-16da85504155  |i 065676ce-c7c7-307f-bd54-c47fd119cbf7  |t 0 
952 f f |p normal  |a Texas A&M University  |b College Station  |c Sterling C. Evans Library  |d Evans: Library Stacks  |t 0  |e BF1031 .H295  |h Library of Congress classification  |i unmediated -- volume  |m A14806088532 
998 f f |a BF1031 .H295  |t 0  |l Evans: Library Stacks